New Zealand Cricket - Test Centuries at Lords - Statistics

General Stats
  • This quiz has been taken 166 times
  • The average score is 7 of 14
Answer Stats
Score Year Player % Correct
132 2015 Kane Williamson
87%
142 1994 Martin Crowe
81%
106 1986 Martin Crowe
81%
175 1973 Bevan Congdon
53%
101 2004 Mark Richardson
51%
206 1949 Martin Donnelly
47%
123 1978 Geoff Howarth
46%
105 1973 Mark Burgess
37%
100 1999 Matt Horne
37%
101 2008 Jacob Oram
33%
101 1990 Trevor Franklin
33%
105 1973 Vic Pollard
25%
120 1931 Stu Dempster
23%
104 1931 Curly Page
21%
No matching quizzes found
Score Distribution
Percent of People with Each Score
Percentile by Number Answered
Your Score History
You have not taken this quiz